zpět

Detail výsledku týmu

Bartolomějka, Kolín

Datum a čas kvízu

24 Celkem bodů Celkový počet nahraných bodů na tomto kvízu bez doplňovacích otázek.
4. Pořadí na kvízu Konečné umístění týmu na tomto kvízu.

Zaznamenané odpovědi

# Otázka Odpověď Body Výsledky
1. Pražskou policii od minulého p... 0
2. Thajská vesmírná agentura plán... 0
3. Příběh o vášnivé lásce, sportu... 0
4. Firma Coca-Cola uvedla na japo... 1
5. Majitel anglického fotbalového... 0
6. Toto téma je dalším, které jst... 0.5
7. Erbenova Kytice obsahuje 13 bá... 0.5
5. Doplňte zcela přesně jméno z t... 1
5. Velmi osobitou postavou české... 1
10. Jakub Arbes, mladší kolega a p... 0